La vida contemporánea : (Record no. 198140)

MARC details
000 -LEADER
campo de control de longitud fija 01369nam a2200337 i 4500
001 - NÚMERO DE CONTROL
campo de control 198140
003 - IDENTIFICADOR DE NÚMERO DE CONTROL
campo de control ES-MaACL
005 - FECHA Y HORA DE LA ÚLTIMA TRANSACCIÓN
campo de control 20260608222925.0
007 - CAMPO FIJO DE DESCRIPCIÓN FÍSICA--INFORMACIÓN GENERAL
campo de control de longitud fija ta
008 - DATOS DE LONGITUD FIJA--INFORMACIÓN GENERAL
campo de control de longitud fija 260302s2021 sp a|||| ||||o001 0 spa d
017 ## - NÚMERO DE COPYRIGHT O DE DEPÓSITO LEGAL
Número de copyright o de depósito legal M 21017-2021
Agencia que asigna Oficina Depósito Legal Madrid
020 ## - NÚMERO INTERNACIONAL ESTÁNDAR DEL LIBRO
Número Internacional Estándar del Libro 978-84-7812-829-7
040 ## - FUENTE DE CATALOGACIÓN
Centro catalogador/agencia de origen ES-MaACL
Lengua de catalogación spa
Centro/agencia transcriptor ES-MaACL
Normas de descripción rda
080 ## - NÚMERO DE LA CLASIFICACIÓN DECIMAL UNIVERSAL
Número de la Clasificación Decimal Universal 821.134.2-92"18"
100 1# - ENTRADA PRINCIPAL--NOMBRE DE PERSONA
Relación aut
9 (RLIN) 176434
Nombre de persona Pardo Bazán, Emilia,
Títulos y otros términos asociados al nombre Condesa de,
Fechas asociadas al nombre 1851-1921
Término indicativo de función/relación Autor
245 13 - MENCIÓN DEL TÍTULO
Título La vida contemporánea :
Resto del título edición conmemorativa en el centenario del fallecimiento de la escritora /
Mención de responsabilidad, etc. Emilia Pardo Bazán
250 ## - MENCION DE EDICION
Mención de edición 2ª edición (actualizada y corregida)
264 #1 - PRODUCCIÓN, PUBLICACIÓN, DISTRIBUCIÓN, FABRICACIÓN Y COPYRIGHT
Producción, publicación, distribución, fabricación y copyright Madrid :
Nombre del de productor, editor, distribuidor, fabricante Ayuntamiento de Madrid, Área de Cultura, Turismo y Deporte,
Fecha de producción, publicación, distribución, fabricación o copyright 2021
300 ## - DESCRIPCIÓN FÍSICA
Extensión 653 páginas :
Otras características físicas ilustraciones (blanco y negro y color) ;
Dimensiones 34 cm
336 ## - TIPO DE CONTENIDO
Fuente rdacontent
Término de tipo de contenido Texto
337 ## - TIPO DE MEDIO
Fuente rdamedia
Nombre/término del tipo de medio sin mediación
338 ## - TIPO DE SOPORTE
Fuente rdacarrier
Nombre/término del tipo de soporte volumen
490 0# - MENCIÓN DE SERIE
Mención de serie Testimonios de prensa / Hemeroteca Municipal de Madrid ;
Designación de volumen o secuencia 9
504 ## - NOTA DE BIBLIOGRAFÍA, ETC.
Nota de bibliografía, etc. Incluye referencias bibliográficas e índices
655 #4 - TERMINO DE INDIZACIÓN--GENERO/FORMA
9 (RLIN) 175745
Datos o término principal de género/forma Artículos
852 ## - LOCALIZACIÓN
Ubicación ES-MaACL
Ubicación en estantería Depósito 1
Número de control de estantería A-15993
Donativo/Legado Donativo: Editorial
Encuadernación Encuadernación rústica
itemnumber 207104
942 ## - ELEMENTOS DE ENTRADA SECUNDARIOS (KOHA)
Tipo de ítem Koha Libro impreso
Suprimir en OPAC No
Holdings
Estatus retirado Estado de pérdida Fuente del sistema de clasificación o colocación Estado de daño No para préstamo Biblioteca de origen Biblioteca actual Ubicación en estantería Fecha de adquisición Fuente de adquisición Total de préstamos Signatura topográfica completa Código de barras Visto por última vez Precio de reemplazo Tipo de ítem Koha
    Clasificación decimal universal     Biblioteca del Ateneo de Madrid Biblioteca del Ateneo de Madrid Depósito 1 23/02/2026 Donación   A-15993 2026-0097 02/03/2026 02/03/2026 Libro impreso